Physicians' desk reference / (Record no. 101066)

MARC details
000 -LEADER
fixed length control field 00678nam a2200217 a 4500
008 - FIXED-LENGTH DATA ELEMENTS--GENERAL INFORMATION
fixed length control field
020 ## - INTERNATIONAL STANDARD BOOK NUMBER
International Standard Book Number 1563633302 (hbk. )
049 ## - LOCAL HOLDINGS (OCLC)
Holding library MAIN
090 ## - LOCALLY ASSIGNED LC-TYPE CALL NUMBER (OCLC); LOCAL CALL NUMBER (RLIN)
Classification number (OCLC) (R) ; Classification number, CALL (RLIN) (NR) REF RS75
Local cutter number (OCLC) ; Book number/undivided call number, CALL (RLIN) PHY
003 - CONTROL NUMBER IDENTIFIER
control field
005 - DATE AND TIME OF LATEST TRANSACTION
control field 20230120191431.0
040 ## - CATALOGING SOURCE
Transcribing agency NUST
245 00 - TITLE STATEMENT
Title Physicians' desk reference /
Statement of responsibility, etc. edited by Lori, Murray.
250 ## - EDITION STATEMENT
Edition statement 54th edition.
260 ## - PUBLICATION, DISTRIBUTION, ETC.
Place of publication, distribution, etc. Montvale, N.J. :
Name of publisher, distributor, etc. Medical Economics Company Inc,
Date of publication, distribution, etc. 2000.
300 ## - PHYSICAL DESCRIPTION
Extent [various paging], 3355 p. :
Other physical details ill. ;
Dimensions 30 cm.
650 #0 - SUBJECT ADDED ENTRY--TOPICAL TERM
Topical term or geographic name entry element Drugs
General subdivision Dictionaries
-- Periodicals.
650 ## - SUBJECT ADDED ENTRY--TOPICAL TERM
Topical term or geographic name entry element Dru interactins and side effects.
907 ## - LOCAL DATA ELEMENT G, LDG (RLIN)
a .b10290503
b 10-06-11
c 01-02-11
942 ## - ADDED ENTRY ELEMENTS (KOHA)
Koha item type Ordinary Loan Books
Call number prefix REF RS75
Call number suffix PHY
Holdings
Date last seen Total Checkouts Full call number Barcode Cost, replacement price Price effective from Koha item type Lost status Source of classification or shelving scheme Damaged status Not for loan Collection Withdrawn status Home library Current library Shelving location Date acquired Cost, normal purchase price
01/20/2023   REF RS75 PHY 92004018413 80.00 01/20/2023 BOOKS   LCC     NFIC   MAIN MAIN GEN 01/20/2023 80.00